Fish production in irrigation cannals : A review
This publication reviews the potential for fisheries production from irrigation cannals.
Gespeichert in:
| 1. Verfasser: | |
|---|---|
| Format: | Buch |
| Sprache: | Undetermined |
| Veröffentlicht: |
Rome
FAO
1991
|
| Schlagworte: | |
| Tags: |
Tag hinzufügen
Keine Tags, Fügen Sie den ersten Tag hinzu!
|
| Thư viện lưu trữ: | Trung tâm Học liệu Trường Đại học Cần Thơ |
|---|
| LEADER | 00707nam a2200205Ia 4500 | ||
|---|---|---|---|
| 001 | CTU_160029 | ||
| 008 | 210402s9999 xx 000 0 und d | ||
| 082 | |a 639.311 | ||
| 082 | |b R313/N317 | ||
| 100 | |a Redding, Theresa A. | ||
| 245 | 0 | |a Fish production in irrigation cannals : | |
| 245 | 2 | |b A review | |
| 245 | 0 | |c by Theresa A. Redding and Alex B. Midlen | |
| 260 | |a Rome | ||
| 260 | |b FAO | ||
| 260 | |c 1991 | ||
| 520 | |a This publication reviews the potential for fisheries production from irrigation cannals. | ||
| 650 | |a Fish culture,Irrigation farming,Nghề cá,Thủy lợi cho nông nghiệp | ||
| 904 | |i Hồng, Năm | ||
| 980 | |a Trung tâm Học liệu Trường Đại học Cần Thơ | ||